000
00260nam a2200109Ia 4500
008
190216s9999||||xx |||||||||||||| ||und||
100
_a
Veloor Krishnan Kutty
245
0
_a
Alpam Ninnal Solpam Parayam
260
_b
Veenus Press
650
_a
Novel
942
_c
BK
999
_c
26515
_d
26515